00398nam a2200181Ia 4500003000900000008004100009040001300050040001300063041000900076100002000085245005100105250001300156260001100169260000900180300001100189300001000200490000600210IT-RoPAU120407s9999 xx 000 0 und d aIT-RoPAU cIT-RoPAU alat  aAugust Lehmkuhl aCasus conscientiae. II: De sacramentis. 4^ ed. aFriburgi aHerder c1913 a614 p. c24 cm v1